[Event "Titled Tue 17th Jun Early"]
[Site "chess.com INT"]
[Date "2025.06.17"]
[Round "5"]
[White "Sethuraman, Roshan"]
[Black "Nguyen, Ngoc Truong Son"]
[Result "0-1"]
[BlackTitle "GM"]
[WhiteElo "2074"]
[BlackElo "2600"]
[WhiteFideId "30965250"]
[BlackFideId "12401110"]
[EventDate "2025.06.17"]

1. e4 e6 2. d4 d5 3. Nd2 c5 4. Ngf3 cxd4 5. exd5 Nc6 6. dxc6 bxc6 7. Bc4 c5 8.
O-O Bd6 9. c3 Ne7 10. cxd4 cxd4 11. Ne4 Nf5 12. Bb5+ Ke7 13. b3 Bb7 14. Nxd6
Qxd6 15. a4 Kf6 16. Bd3 e5 17. Bg5+ Ke6 18. Nxe5 f6 19. Ng4 Ne7 20. Re1+ Kf7 21.
Bc4+ Kg6 22. Bh4 h5 23. Ne3 Rhd8 24. Bd3+ Kh6 25. Nc4 Qc6 26. Be4 Qd7 27. Bxb7
Qxb7 28. Bg3 Ng6 29. Nd6 Qd5 30. Nc4 h4 31. Bc7 Rd7 32. Ba5 h3 33. Qg4 Qxg2+ 34.
Qxg2 hxg2 35. Kxg2 Rb8 36. Bd2+ Kh7 37. Rab1 Rc8 38. Re4 Ne7 39. Rbe1 Nf5 40.
Rf4 Kg6 41. Rg4+ Kf7 42. Rf4 g6 43. Rfe4 Rb8 44. Rb1 Rc7 45. Bf4 Rxc4 46. Bxb8
Rc2 47. Bg3 d3 48. Rd1 Rc3 49. Rd2 Rxb3 50. Kf3 g5 51. h3 Kg6 52. Rc4 Ra3 53.
Rb4 a5 54. Rc4 Rb3 55. Rc5 Nd4+ 56. Ke4 Ne6 57. Rxa5 Rb4+ 58. Kf3 Nd4+ 59. Ke3
Nb3 60. Rxd3 Nxa5 61. Rd4 Rb3+ 62. Ke2 Nc6 63. Rc4 Nb4 64. a5 Rb2+ 65. Kf3 Nd5
66. a6 Ra2 67. Rc6 Nb4 68. Rb6 Nxa6 69. Rc6 Nb4 70. Rd6 Ra3+ 71. Kg2 Nd3 72. h4
Ne1+ 73. Kf1 Nf3 74. hxg5 Kxg5 75. Kg2 f5 76. Rd5 Kg4 77. Bd6 Rb3 78. Ra5 Nh4+
79. Kh2 Rh3+ 80. Kg1 Nf3+ 81. Kf1 Rh1+ 82. Ke2 Re1+ 83. Kd3 Rd1+ 84. Ke2 Rxd6
85. Ra4+ Rd4 86. Ra5 Re4+ 87. Kf1 Re1+ 0-1

[Event "Titled Tue 17th Jun Early"]
[Site "chess.com INT"]
[Date "2025.06.17"]
[Round "5"]
[White "Lagarde, Maxime"]
[Black "Villa Tornero, Alex"]
[Result "1-0"]
[WhiteTitle "GM"]
[BlackTitle "FM"]
[WhiteElo "2621"]
[BlackElo "2211"]
[WhiteFideId "662399"]
[BlackFideId "54501091"]
[EventDate "2025.06.17"]

1. d4 Nf6 2. c4 e6 3. Nf3 c5 4. d5 exd5 5. cxd5 d6 6. Nc3 g6 7. g3 Bg7 8. Bg2
O-O 9. O-O Re8 10. Bf4 a6 11. a4 h6 12. Qc1 Kh7 13. Rb1 Bf5 14. Ra1 Ne4 15. Nd2
Nxc3 16. bxc3 Rxe2 17. Nc4 Rc2 18. Qd1 Rxc3 19. Nxd6 Rd3 20. Qe2 Bxa1 21. Nxf5
Rxd5 22. Bxd5 Qxd5 23. Ne3 Qd4 24. Nc2 Qb2 25. Rxa1 Nc6 26. Re1 Rd8 27. Qc4 Qf6
28. Qxc5 g5 29. Be3 Ne5 30. Nd4 Rxd4 31. Bxd4 Nf3+ 32. Kf1 Nxd4 33. Qe5 Qxe5 34.
Rxe5 b5 35. Rd5 Nc6 36. axb5 axb5 37. Rxb5 Nd4 38. Rb6 Nf3 39. Kg2 Ne5 40. f4
gxf4 41. gxf4 Nc4 42. Ra6 Kg7 43. Kf3 Nd2+ 44. Kg4 Ne4 45. h4 Nf6+ 46. Kf5 Nd5
47. Ra7 Ne3+ 48. Ke4 Ng4 49. Ra6 Nf6+ 50. Kf5 Nd5 51. Ke5 Ne3 52. f5 Ng4+ 53.
Kf4 Nf6 54. Rd6 Ne8 55. Rc6 Nf6 56. Rc4 Nd5+ 57. Ke5 Nf6 58. Rb4 Nd7+ 59. Kd6
Nf6 60. Rd4 Nh5 61. Ke7 Nf6 62. Rd1 Ng8+ 63. Kd6 Kf6 64. Re1 Kxf5 65. Rf1+ Kg6
66. Ke5 Ne7 67. Rf6+ Kh5 68. Rxf7 Ng6+ 69. Kf5 Nxh4+ 70. Kf4 Ng6+ 71. Kg3 Kg5
72. Ra7 Nh4 73. Ra5+ Nf5+ 74. Kf3 h5 75. Ke4 Kg4 76. Rxf5 h4 77. Rf1 Kg3 78.
Rg1+ Kf2 79. Rh1 Kg3 80. Ke3 h3 81. Rg1+ Kh2 82. Rg6 Kh1 83. Kf3 h2 84. Kg3 Kg1
85. Ra6 h1=Q 86. Ra1# 1-0

[Event "Titled Tue 17th Jun Early"]
[Site "chess.com INT"]
[Date "2025.06.17"]
[Round "5"]
[White "Stanojevic, Ilija"]
[Black "Samunenkov, Ihor"]
[Result "1-0"]
[WhiteTitle "FM"]
[BlackTitle "GM"]
[WhiteElo "2189"]
[BlackElo "2562"]
[WhiteFideId "959995"]
[BlackFideId "14187086"]
[EventDate "2025.06.17"]

1. e4 c6 2. d4 d5 3. exd5 cxd5 4. Nf3 Nc6 5. c3 a6 6. h3 Bf5 7. Bd3 Bxd3 8. Qxd3
e6 9. O-O Bd6 10. Re1 Nge7 11. Nbd2 Ng6 12. Nf1 O-O 13. Ng5 Nce7 14. g3 Nf5 15.
Bd2 Qd7 16. Nf3 f6 17. Ne3 Nge7 18. Nh2 Rae8 19. Nhf1 h5 20. Nxf5 Nxf5 21. Ne3
Nh6 22. Ng2 Nf5 23. Re2 Qb5 24. Qxb5 axb5 25. a3 g5 26. Ne3 Ne7 27. Rae1 Kf7 28.
Kg2 Nc6 29. Nf1 Na5 30. f4 g4 31. h4 Nc4 32. Bc1 Bc7 33. Ne3 Nd6 34. Nc2 Ne4 35.
Nb4 Bd6 36. Nd3 Kg6 37. Be3 Kf5 38. Bc1 Rc8 39. Be3 Rc4 40. Rf1 Ra8 41. Bc1 b6
42. Rfe1 Kg6 43. Nf2 f5 44. Nxe4 fxe4 45. Be3 Kf5 46. Rc1 b4 47. axb4 Ra2 48.
Rec2 b5 49. Kf2 Rc6 50. Ke2 Kf6 51. Kd2 Ke7 52. b3 Ra3 53. Rb1 Kd7 54. Rbb2 Rca6
55. Rb1 Ra8 56. Ke2 Rc8 57. Bd2 Bxb4 58. Rcc1 Bd6 59. Be1 Ra2+ 60. Bd2 Rca8 61.
Ke3 R8a3 62. Ke2 Bc7 63. b4 Bd6 64. Ke1 Ra6 65. Ke2 Rc6 66. Ke1 Rca6 67. Ke2 Kc6
68. Ke3 R6a3 69. Ke2 Bc7 70. Ke3 Kd6 71. Ke2 Ke7 72. Ke3 Kf6 73. Ke2 Bd6 74. Rd1
Rc2 75. Rdc1 Raa2 76. Rxc2 Rxc2 77. Ra1 Be7 78. Kd1 Rb2 79. Kc1 Rxd2 80. Kxd2
Kf5 81. Ke3 Bd8 82. Ra6 Kf6 83. Ra7 Kg6 84. Rb7 Kf6 85. Rxb5 Ke7 86. Rb8 Kd6 87.
Rxd8+ 1-0

[Event "Titled Tue 17th Jun Early"]
[Site "chess.com INT"]
[Date "2025.06.17"]
[Round "5"]
[White "Harshit, Ranjan Sahu"]
[Black "Germanovs, Georgijs"]
[Result "1/2-1/2"]
[WhiteTitle "CM"]
[BlackTitle "CM"]
[WhiteElo "2191"]
[BlackElo "2260"]
[WhiteFideId "25638815"]
[BlackFideId "11609710"]
[EventDate "2025.06.17"]

1. e4 c5 2. Nc3 e6 3. f4 d5 4. Nf3 Nc6 5. Bb5 a6 6. Bxc6+ bxc6 7. Qe2 g6 8. O-O
Bg7 9. d3 Ne7 10. Nd1 O-O 11. Be3 c4 12. Bc5 cxd3 13. cxd3 a5 14. f5 exf5 15.
exf5 Re8 16. fxg6 hxg6 17. Qf2 Nf5 18. Ne3 Rb8 19. Nxf5 Bxf5 20. Nd4 Qg5 21.
Nxf5 Qxf5 22. Qg3 Qe5 23. Qf3 Qe6 24. Rae1 Qxe1 25. Qxf7+ Kh7 26. Rxe1 Rxe1+ 27.
Kf2 Re5 28. Kg3 Rg5+ 29. Kh3 Rh5+ 30. Kg3 Rg5+ 31. Kh4 Rh5+ 32. Kg4 Rf5 33. Qe7
Rbf8 34. g3 R8f7 35. Qe6 Bxb2 36. Qxc6 Bc1 37. h4 Bh6 38. Bd4 Bg7 39. Bxg7 Kxg7
40. Qc3+ d4 41. Qxd4+ Kh7 42. Qe4 R5f6 43. d4 Rd6 44. Qe5 Rfd7 45. Qxa5 Rxd4+
46. Kh3 Rd3 47. Qa8 Re3 48. a4 Rdd3 49. Qb7+ Kh6 50. Qc7 Ra3 51. a5 Rec3 52. Qe5
Kh7 53. Kg4 Re3 54. Qc7+ Kh6 55. Qf4+ Kh7 56. Qc7+ Kh6 57. Kh3 Rec3 58. Qe5 Kh7
59. h5 gxh5 60. Qxh5+ Kg7 61. Qe5+ Kf7 62. Kh4 Re3 63. Qc7+ Ke6 64. g4 Kf6 65.
Qb6+ Ke5 66. Kg5 Kd5 67. a6 Re5+ 68. Kh4 Ree3 69. Qb7+ Kd4 70. a7 Rh3+ 71. Kg5
Ra5+ 72. Kg6 Rha3 73. Qb6+ Ke4 74. Qe6+ Kf4 75. g5 Ra6 76. Qf6+ Rxf6+ 77. gxf6
Ra6 78. Kg7 Ke5 79. f7 Rxa7 80. Kg8 Ra8+ 81. f8=Q Rxf8+ 82. Kxf8 1/2-1/2

[Event "Titled Tue 17th Jun Early"]
[Site "chess.com INT"]
[Date "2025.06.17"]
[Round "5"]
[White "Shukhman, Anna"]
[Black "Begunov, Konstantin"]
[Result "1/2-1/2"]
[WhiteTitle "WGM"]
[BlackTitle "FM"]
[WhiteElo "2413"]
[BlackElo "2325"]
[WhiteFideId "54180058"]
[BlackFideId "4118510"]
[EventDate "2025.06.17"]

1. e4 g6 2. d4 Bg7 3. Nc3 c6 4. f4 d5 5. e5 h5 6. Nf3 Bg4 7. h3 Bxf3 8. Qxf3 e6
9. g4 Qh4+ 10. Qf2 Qxf2+ 11. Kxf2 hxg4 12. Be3 Ne7 13. Bg2 gxh3 14. Bxh3 Nd7 15.
Ne2 Nf5 16. Bxf5 exf5 17. Rxh8+ Bxh8 18. Rh1 Bg7 19. Rh7 Kf8 20. b3 Kg8 21. Rh1
Nf8 22. c4 Rd8 23. cxd5 Rxd5 24. Nc3 Rd8 25. Rd1 Ne6 26. d5 cxd5 27. Rxd5 a6 28.
Rxd8+ Nxd8 29. Nd5 Kf8 30. Ke2 Ke8 31. Kd3 Kd7 32. Kc4 Bf8 33. a4 Kc6 34. Nc3
Ne6 35. b4 Be7 36. b5+ axb5+ 37. axb5+ Kd7 38. Nd5 Bd8 39. Bd2 Nc7 40. Nb4 Ke6
41. Be3 Be7 42. b6 Ne8 43. Nd3 f6 44. Bd4 fxe5 45. Nxe5 g5 46. fxg5 Bxg5 47. Nd3
Nd6+ 48. Kc3 Bd8 49. Nf4+ Kd7 50. Kb4 Kc6 51. Ng6 Bxb6 52. Ne7+ Kd7 53. Nxf5
Nxf5 54. Bxb6 Kc6 55. Bf2 Ne7 56. Be1 Nd5+ 57. Kb3 Kc5 58. Bd2 Kb5 59. Be1 Nc7
60. Bd2 Na6 61. Be1 Nc5+ 62. Ka3 Kc4 63. Bd2 b5 64. Be1 Ne4 65. Ba5 Nc3 66. Kb2
Na4+ 67. Ka3 Nc5 68. Be1 Nb3 69. Bb4 Nd4 70. Bd2 Nc2+ 71. Kb2 Nb4 72. Ka3 Nc6
73. Be1 Nd4 74. Ba5 Nc2+ 75. Kb2 Nb4 76. Ka3 Nc6 77. Be1 Ne5 78. Ba5 Nd3 79. Bd2
Nc5 80. Ba5 Na4 81. Be1 Nc3 82. Kb2 b4 83. Bxc3 bxc3+ 84. Kc2 Kd4 85. Kc1 Kd3
86. Kd1 Kc4 87. Kc2 Kb4 88. Kc1 Kb3 89. Kb1 c2+ 90. Kc1 Kc3 1/2-1/2

[Event "Titled Tue 17th Jun Early"]
[Site "chess.com INT"]
[Date "2025.06.17"]
[Round "5"]
[White "Dumanuly, Sultanbeibarys"]
[Black "Papaioannou, Dimitrios"]
[Result "0-1"]
[WhiteTitle "FM"]
[BlackTitle "CM"]
[WhiteElo "2212"]
[BlackElo "2206"]
[WhiteFideId "13731963"]
[BlackFideId "25865137"]
[EventDate "2025.06.17"]

1. e4 c5 2. Nf3 Nc6 3. d4 cxd4 4. Nxd4 Nf6 5. Nc3 e5 6. Ndb5 d6 7. Bg5 a6 8. Na3
b5 9. Nd5 Be7 10. Bxf6 Bxf6 11. c4 b4 12. Nc2 a5 13. Be2 O-O 14. O-O Bg5 15. Qd3
Be6 16. Rfd1 Qb8 17. b3 Qb7 18. Bf3 Rfd8 19. h3 Nb8 20. a3 Na6 21. axb4 axb4 22.
Ra4 Nc5 23. Rxb4 Qxb4 24. Ncxb4 Nxd3 25. Rxd3 Ra1+ 26. Kh2 Bxd5 27. cxd5 Rda8
28. g3 g6 29. h4 Bd8 30. Kg2 Bb6 31. Be2 Bc5 32. Nc6 Rb1 33. Rf3 Ra2 34. Bc4
Rbb2 35. b4 Rxf2+ 36. Rxf2 Rxf2+ 37. Kh3 Be3 38. Ne7+ Kf8 39. Nc8 Rc2 40. Ba6 h5
41. Nxd6 Bg1 42. g4 Be3 43. gxh5 gxh5 44. Kg3 Bf4+ 45. Kf3 Rb2 46. b5 Rb3+ 47.
Kg2 Be3 48. Nc8 Bc5 49. d6 Ke8 50. Bb7 Kd8 51. Ne7 Bxd6 52. Nf5 Bc5 53. Bc6 Rb4
54. Kf3 Rb3+ 55. Kg2 Rb2+ 56. Kf3 Kc7 57. Kg3 Kb6 58. Kf3 Rb3+ 59. Kg2 Bb4 60.
Nh6 Be7 61. Nxf7 Bxh4 62. Nxe5 Bg3 63. Nc4+ Kc5 64. Nd2 Rb2 65. Kxg3 Rxd2 66.
Be8 Rd4 67. Bxh5 Rxe4 68. Bf3 Re3 69. Kf4 Rb3 70. Be4 Rxb5 71. Kg5 Kd4+ 72. Bf5
Re5 73. Kf6 Rc5 74. Bg6 Rc6+ 75. Kg7 Ke5 76. Bf7 Rc7 77. Kg8 Kf6 78. Bb3 Kg6 79.
Kh8 Rc8+ 80. Bg8 Rc7 81. Be6 Kh6 82. Bg8 Ra7 83. Bd5 Rh7+ 84. Kg8 Rd7 85. Kh8
Rxd5 0-1

[Event "Titled Tue 17th Jun Early"]
[Site "chess.com INT"]
[Date "2025.06.17"]
[Round "5"]
[White "Aliyev, Elnur"]
[Black "Karttunen, Mika"]
[Result "1-0"]
[WhiteTitle "CM"]
[BlackTitle "IM"]
[WhiteElo "2123"]
[BlackElo "2490"]
[WhiteFideId "13402617"]
[BlackFideId "502081"]
[EventDate "2025.06.17"]

1. e4 c5 2. Nf3 d6 3. d4 cxd4 4. Nxd4 Nf6 5. Nc3 a6 6. Nf3 e5 7. Bc4 h6 8. a4
Qc7 9. Qe2 Nbd7 10. O-O Be7 11. a5 Nf8 12. Be3 Be6 13. Bd5 g5 14. Nd2 Ng6 15.
Nc4 Nf4 16. Bxf4 gxf4 17. Nb6 Rd8 18. Qc4 Qxc4 19. Bxc4 Bxc4 20. Nxc4 Rc8 21.
Nb6 Rxc3 22. bxc3 Nxe4 23. c4 Rg8 24. f3 Nc5 25. Rfb1 Ne6 26. Nd5 Nc5 27. Nb4 e4
28. fxe4 f3 29. g3 Bf6 30. Ra3 Bd4+ 31. Kf1 f2 32. Rd3 Ne6 33. Nd5 Rg5 34. Nc7+
Nxc7 35. Rxd4 Rxa5 36. Rxb7 Ne6 37. Rxd6 Rc5 38. Kxf2 Rxc4 39. Rxa6 Rxc2+ 40.
Ke3 Rc3+ 41. Kd2 Rc8 42. Rxe6+ fxe6 43. Rh7 Rc4 44. Kd3 Ra4 45. Rxh6 Ke7 46. Ke3
e5 47. Kf3 Kf7 48. g4 Ra3+ 49. Kf2 Ra4 50. Kf3 Ra3+ 51. Kf2 Ra4 52. Ke3 Ra3+ 53.
Kd2 Ra4 54. Kd3 Rd4+ 55. Ke3 Ra4 56. g5 Ra3+ 57. Ke2 Rb3 58. h4 Rg3 59. Kf2 Rh3
60. Rf6+ Ke7 61. Rf5 Ke6 62. Rf6+ Ke7 63. Rh6 Rd3 64. h5 Rh3 65. Rh7+ Ke6 66. g6
Kf6 67. Kg2 Rh4 68. Kf3 Rf4+ 69. Ke2 Rg4 70. Ke3 Rg3+ 71. Kd2 Rg5 72. Rf7+ Ke6
73. Rf5 Rg4 74. Kd3 Rg3+ 75. Kc4 Rg4 76. Kd3 Rg3+ 77. Kd2 Rg4 78. Ke3 Rg3+ 79.
Kf2 Rg4 80. Kf3 Rg1 81. Rf8 Rg5 82. Rf7 Rxh5 83. Kg4 Rh1 84. Kg5 Rh2 85. Rf6+
Ke7 86. Rf5 Ke6 87. Rf8 Rh1 88. Re8+ Kd7 89. Ra8 Ke6 90. g7 Rg1+ 91. Kh6 Rh1+
92. Kg6 Rg1+ 93. Kh7 Kf6 94. Ra6+ Kf7 95. Ra7+ Kf6 96. Ra6+ Kf7 97. g8=Q+ Rxg8
98. Ra7+ Kf6 99. Kxg8 Kg5 100. Ra4 Kf4 101. Kf7 1-0

[Event "Titled Tue 17th Jun Early"]
[Site "chess.com INT"]
[Date "2025.06.17"]
[Round "5"]
[White "Rosen, Eric"]
[Black "Chan, Kim Yew"]
[Result "1-0"]
[WhiteTitle "IM"]
[BlackTitle "FM"]
[WhiteElo "2377"]
[BlackElo "2304"]
[WhiteFideId "2032562"]
[BlackFideId "5717981"]
[EventDate "2025.06.17"]

1. d4 Nf6 2. Bf4 d5 3. Nf3 c5 4. e3 Nc6 5. Nbd2 Bg4 6. c3 e6 7. Qa4 Bxf3 8. Nxf3
cxd4 9. exd4 Bd6 10. Ba6 Bxf4 11. Bxb7 O-O 12. Qxc6 Rb8 13. b4 Ne4 14. O-O Qe7
15. Ba6 Rb6 16. Qa4 Nxc3 17. Qb3 Qxb4 18. Qxb4 Rxb4 19. g3 Bd6 20. Rfc1 Ne4 21.
Rc2 Rfb8 22. Kg2 Rb2 23. Rac1 h6 24. Bd3 g5 25. Bxe4 dxe4 26. Nd2 f5 27. Rxb2
Rxb2 28. Nc4 Rxa2 29. Nxd6 e3 30. Rf1 g4 31. Nc4 e2 32. Re1 a5 33. f3 a4 34. Kf2
gxf3 35. Kxf3 a3 36. Ne3 Rb2 37. Rxe2 Rb3 38. Ra2 Rd3 39. Kf4 Rxd4+ 40. Kf3 Rd3
41. Ke2 Rb3 42. Nf1 Kf7 43. Nd2 Rc3 44. Nb1 Rb3 45. Nxa3 Kf6 46. Nc2 Rc3 47. Ne1
h5 48. Rb2 h4 49. Kf2 hxg3+ 50. hxg3 e5 51. Rb6+ Kf7 52. Nf3 e4 53. Ng5+ Ke7 54.
Nh3 Rf3+ 55. Kg2 Rc3 56. Nf4 Rf3 57. Rb5 Kf6 58. Rb6+ Ke5 59. Re6+ Kd4 60. Rd6+
Ke5 61. Rd5+ Kf6 62. Ra5 Rb3 63. Kf2 Rb2+ 64. Ke3 Rb3+ 65. Ke2 Rb2+ 66. Kf1 Rb1+
67. Kg2 Rb2+ 68. Kh3 Rb1 69. Rc5 Rh1+ 70. Kg2 Ra1 71. Rb5 Ra2+ 72. Kf1 Ra3 73.
Kf2 Ra2+ 74. Kg1 Kg5 75. Kf1 Kg4 76. Rb3 Rc2 77. Ne2 Ra2 78. Kf2 Rc2 79. Ra3 Rb2
80. Ra8 Kg5 81. Rg8+ Kf6 82. Rc8 Ra2 83. Rc3 Rb2 84. Ra3 Rc2 85. Ra8 Rb2 86. Rg8
Kf7 87. Rc8 Kf6 88. Rc5 Kg5 89. Ra5 Kf6 90. Rd5 Ke6 91. Ra5 Kf6 92. Ke3 Rb3+ 93.
Kd2 Rd3+ 94. Ke1 Rf3 95. Rb5 Kg6 96. Nd4 Rxg3 97. Nxf5 Rg5 98. Ne7+ Kf6 99. Nd5+
Ke6 100. Nc7+ Kf6 101. Rb6+ Ke5 102. Ke2 Rg2+ 103. Kf1 Rg7 104. Nb5 1-0

[Event "Titled Tue 17th Jun Early"]
[Site "chess.com INT"]
[Date "2025.06.17"]
[Round "5"]
[White "Nagare Kaivalya Sandip"]
[Black "Smirnov, Mark"]
[Result "1/2-1/2"]
[WhiteTitle "FM"]
[BlackTitle "FM"]
[WhiteElo "2321"]
[BlackElo "2352"]
[WhiteFideId "25957929"]
[BlackFideId "13764594"]
[EventDate "2025.06.17"]

1. e4 d6 2. d4 Nf6 3. Nc3 e5 4. dxe5 dxe5 5. Qxd8+ Kxd8 6. Bc4 Ke8 7. f4 Nbd7 8.
Nf3 Bd6 9. g3 c6 10. Bd2 b5 11. Bd3 Ke7 12. O-O-O Bb7 13. Rde1 Rhe8 14. Rhf1
Rad8 15. Nh4 Kf8 16. Nf5 Bb4 17. a3 Ba5 18. Nd6 Bc7 19. Nxe8 Rxe8 20. b4 a6 21.
Be3 Ng4 22. Bg1 a5 23. Nd1 Ra8 24. Kb2 Nb6 25. Nc3 Nd7 26. h3 Ngf6 27. f5 Ne8
28. Rd1 Bd6 29. Na2 Ke7 30. c4 axb4 31. axb4 bxc4 32. Bxc4 Ba6 33. Bxa6 Rxa6 34.
Rf3 Ndf6 35. Nc3 Bxb4 36. Rfd3 Bxc3+ 37. Kxc3 Nxe4+ 38. Kc2 Ra2+ 39. Kb1 Rg2 40.
Rd7+ Kf6 41. Rc1 Rxg3 42. Rxc6+ Kxf5 43. Bb6 N8f6 44. Rxf7 Nd2+ 45. Kc2 Nf3 46.
Kb2 Rxh3 47. Rxg7 Ng5 48. Bd8 Nge4 49. Rf7 Rh6 50. Be7 Rg6 51. Rf8 h5 52. Rh8
Kg4 53. Kb3 Nd2+ 54. Kc3 Nde4+ 55. Kd3 Kf5 56. Ke3 Rg3+ 57. Ke2 Nd5 58. Rxh5+
Kg4 59. Rxe5 Nf4+ 60. Kd1 Nf2+ 61. Kc2 Rg2 62. Rg5+ Kf3 63. Rc3+ Ke4 64. Rxg2
Nxg2 65. Bc5 Ng4 66. Rg3 N2e3+ 67. Kd2 Nf1+ 68. Ke2 Nxg3+ 69. Kd1 Kd5 70. Bg1
Kc4 71. Kc2 Ne4 72. Ba7 Ne5 73. Bg1 Nd3 74. Ba7 Nb4+ 75. Kb2 Ng3 76. Ka3 Ne2 77.
Kb2 Nf4 78. Bg1 Nfd3+ 79. Ka3 Nc6 80. Ka2 Kb4 81. Be3 Ka4 82. Bd2 Nd4 83. Bc3
Nf3 84. Bb2 Nd2 85. Bc3 Ne4 86. Bb2 Nec5 87. Bc3 Nb7 88. Bb2 Nd6 89. Bc3 Ne4 90.
Bb2 Nef2 91. Bc3 Nd1 92. Bd4 Nb4+ 93. Kb1 Kb3 94. Kc1 Nd3+ 95. Kxd1 1/2-1/2

[Event "Titled Tue 17th Jun Early"]
[Site "chess.com INT"]
[Date "2025.06.17"]
[Round "5"]
[White "Sevig, Mert Can"]
[Black "Altynbek, Aiaru"]
[Result "1-0"]
[WhiteTitle "CM"]
[BlackTitle "WFM"]
[WhiteElo "2025"]
[BlackElo "1977"]
[WhiteFideId "44546335"]
[BlackFideId "13752472"]
[EventDate "2025.06.17"]

1. e4 e5 2. d3 Nc6 3. g3 Nf6 4. Bg2 d5 5. Nc3 dxe4 6. Nxe4 Be7 7. Ne2 Bg4 8. Be3
Nd5 9. Qd2 O-O 10. O-O f5 11. N4c3 Nxc3 12. Nxc3 Kh8 13. f4 exf4 14. Bxf4 Nd4
15. Rae1 Bb4 16. a3 Ba5 17. Kh1 Nb5 18. b4 Nxc3 19. Qxc3 Bb6 20. Bxb7 Rb8 21.
Bg2 Bh5 22. Qd2 Bf7 23. c4 Bd4 24. Be5 Bxe5 25. Rxe5 Bxc4 26. Rexf5 Rxf5 27.
Rxf5 Be6 28. Re5 Bg8 29. Qe3 Qf6 30. d4 Rd8 31. h3 a6 32. Kh2 h6 33. Re4 Qd6 34.
Rf4 Qd7 35. Qf2 Qe7 36. Be4 Re8 37. Bb1 Qe2 38. Qxe2 Rxe2+ 39. Kg1 Re1+ 40. Rf1
Re3 41. Kf2 Rxa3 42. Be4 Rb3 43. Rb1 Ra3 44. Ke2 Rxg3 45. Bd3 Rg2+ 46. Kf1 Ra2
47. b5 Ra3 48. Ke2 axb5 49. Rxb5 Ra2+ 50. Kf3 Ra3 51. Ke3 Bh7 52. Rb8+ Bg8 53.
Rc8 Rb3 54. Rxc7 g5 55. Rc8 Kg7 56. Kd2 Rb2+ 57. Bc2 Rb4 58. Kc3 Rb6 59. d5 Rf6
60. Kd4 Rf4+ 61. Ke5 Rf3 62. Rc7+ Kf8 63. Ba4 Re3+ 64. Kd6 Rd3 65. Bc6 h5 66.
Rc8+ Kg7 67. Rc7+ Kf6 68. Rc8 Bf7 69. Rd8 g4 70. hxg4 hxg4 71. Kc7 g3 72. d6 Rc3
73. d7 Bd5 74. Rf8+ Ke5 75. d8=Q Rxc6+ 76. Kb8 g2 77. Qe7+ Re6 78. Qc7+ Ke4 79.
Qf4+ Kd3 80. Qg3+ Re3 81. Qg6+ Be4 82. Rd8+ Ke2 83. Qa6+ Bd3 84. Rxd3 Rxd3 85.
Qe6+ Re3 86. Qg4+ Kf2 87. Qf4+ Rf3 88. Qd2+ Kg3 89. Qe1+ Rf2 90. Qe3+ Rf3 91.
Qe1+ Kh2 92. Qh4+ Rh3 93. Qf4+ Kh1 94. Qe4 Rg3 95. Qh4+ Kg1 96. Qxg3 Kh1 97.
Qh3+ Kg1 98. Kc7 Kf1 99. Qf3+ Kg1 100. Kd6 Kh1 101. Qh3+ Kg1 102. Ke5 Kf2 103.
Qh2 Kf1 104. Qh3 Kf2 105. Qh4+ Kf1 106. Qf4+ Ke2 107. Qg3 Kf1 108. Qf3+ Kg1 109.
Kf4 Kh1 110. Qh3+ Kg1 111. Kf3 1-0

[Event "Titled Tue 17th Jun Early"]
[Site "chess.com INT"]
[Date "2025.06.17"]
[Round "5"]
[White "Harsha, Bharathakoti"]
[Black "Aakash Sharadchandra, Dalvi"]
[Result "1/2-1/2"]
[WhiteTitle "GM"]
[BlackTitle "FM"]
[WhiteElo "2527"]
[BlackElo "2396"]
[WhiteFideId "5078776"]
[BlackFideId "25033220"]
[EventDate "2025.06.17"]

1. c4 e6 2. Nf3 d5 3. g3 Nf6 4. Bg2 dxc4 5. Qa4+ Nbd7 6. Qxc4 a6 7. Qc2 c5 8. a4
b6 9. Ne5 Nd5 10. Nc4 Bb7 11. O-O Be7 12. d3 O-O 13. Qb3 Qc7 14. Nc3 Nxc3 15.
bxc3 Bxg2 16. Kxg2 b5 17. axb5 axb5 18. Rxa8 Qc6+ 19. f3 Rxa8 20. Ne3 b4 21. Bb2
Qa4 22. Qxa4 Rxa4 23. Rb1 Ra2 24. cxb4 cxb4 25. Kf1 Nb6 26. Bd4 Na4 27. Ke1 f6
28. f4 h5 29. Kd1 Bc5 30. Bxc5 Nc3+ 31. Kc1 Nxe2+ 32. Kd1 Nc3+ 33. Kc1 Nxb1 34.
Kxb1 b3 35. h4 Rd2 36. d4 Rd3 37. d5 exd5 38. Kb2 Kf7 39. f5 d4 40. Nc4 Rxg3 41.
Bxd4 Ke7 42. Bc5+ Kd7 43. Ne3 Kc6 44. Bd4 Rf3 45. Kxb3 Rf4 46. Kc3 Rxh4 47. Kd3
Rh3 48. Ke4 Rg3 49. Kf4 h4 50. Ng4 Kd5 51. Bf2 Rh3 52. Ne3+ Kd6 53. Ng2 Rh2 54.
Kf3 Ke7 55. Nxh4 Rh3+ 56. Bg3 Rh1 57. Ng6+ Kf7 58. Nf4 Ra1 59. Bf2 Ra5 60. Kg4
Ra4 61. Bc5 Rc4 62. Be3 Rc3 63. Kf3 Ra3 64. Ne2 Ra5 65. Nd4 Ra1 66. Ke4 Rh1 67.
Bf4 g6 68. fxg6+ Kxg6 69. Kf3 Rf1+ 70. Ke3 Ra1 71. Kf3 Ra3+ 72. Ke4 Ra4 73. Ke3
Kh5 74. Bd6 Kg6 75. Ke4 Ra1 76. Ke3 Re1+ 77. Kf3 Rd1 78. Ke4 Kg5 79. Kd5 f5 80.
Kc4 Kg4 81. Bc7 f4 82. Bxf4 Kxf4 83. Nb5 Ke5 84. Nc3 Rc1 85. Kd3 Rh1 86. Kc4
Rh4+ 87. Kd3 Rg4 88. Nb5 Rg3+ 89. Kc4 Ke4 90. Nc3+ Ke5 91. Nb5 Rg8 92. Nc3 Rc8+
93. Kd3 Rd8+ 94. Kc4 Rd4+ 95. Kc5 Rd3 96. Kc4 Rh3 97. Nb5 Rh4+ 98. Kd3 Kd5 99.
Nc3+ Kc5 100. Ne4+ Kb4 101. Kd4 Rh5 102. Kd3 Rd5+ 103. Ke3 Kc4 104. Nd2+ Kc5
105. Ne4+ Kc6 106. Nc3 Rh5 107. Ne4 Rh3+ 108. Kd4 Rh4 109. Ke5 Kd7 110. Nf6+ Kd8
111. Ne4 Rh5+ 112. Kd4 Ke7 113. Nc5 Rh4+ 114. Kd5 Rh5+ 115. Kd4 Kd6 116. Ne4+
Kc6 117. Nf6 Rh4+ 118. Ke5 Rh1 119. Ne4 Re1 120. Kd4 Ra1 121. Ke5 Ra5+ 122. Kd4
Ra4+ 123. Ke5 Ra1 124. Kd4 Kd7 125. Nc5+ Kd6 126. Ne4+ Ke6 127. Nc5+ Kf5 128.
Kc4 Ke5 129. Nd3+ Ke6 130. Nc5+ Kd6 131. Nd3 Ra4+ 132. Kc3 Kd5 1/2-1/2

[Event "Titled Tue 17th Jun Early"]
[Site "chess.com INT"]
[Date "2025.06.17"]
[Round "5"]
[White "Firouzja, Alireza"]
[Black "Mamedyarov, Shakhriyar"]
[Result "1-0"]
[WhiteTitle "GM"]
[BlackTitle "GM"]
[WhiteElo "2766"]
[BlackElo "2746"]
[WhiteFideId "12573981"]
[BlackFideId "13401319"]
[EventDate "2025.06.17"]

1. Nf3 Nf6 2. g3 b6 3. Bg2 Bb7 4. O-O g6 5. d3 d5 6. Nbd2 Bg7 7. e4 dxe4 8. dxe4
O-O 9. e5 Nd5 10. e6 fxe6 11. Ng5 Qc8 12. Bh3 Rf5 13. Re1 Nc6 14. Nxe6 Rh5 15.
Bg4 Re5 16. Nf3 Rxe1+ 17. Qxe1 Qd7 18. Bh3 Qd6 19. Neg5 Bc8 20. Bg2 Bf5 21. Nh4
Rd8 22. Nxf5 gxf5 23. Ne6 Rd7 24. c4 Ndb4 25. Bf4 Nd3 26. Bxd6 Nxe1 27. Rxe1
Rxd6 28. b3 Bc3 29. Re3 Rd1+ 30. Bf1 Be5 31. c5 Kf7 32. Ng5+ Kg6 33. Nf3 Bf6 34.
Kg2 Nd4 35. Nxd4 Rxd4 36. cxb6 axb6 37. Re6 Rd2 38. a4 Kg7 39. Bc4 Kf8 40. Rc6
Bd4 41. Rxc7 Rxf2+ 42. Kh1 Rc2 43. Rd7 Rc1+ 44. Kg2 Rc2+ 45. Kf1 Bc5 46. Rd5 e6
47. Rd7 Rf2+ 48. Ke1 Rxh2 49. Bxe6 Bf2+ 50. Kf1 Bxg3 51. Rf7+ Ke8 52. Rxf5 Ke7
53. Bc4 h5 54. Rb5 Bc7 55. Rg5 h4 56. Rg7+ Kd6 57. Bb5 Rc2 58. Rh7 Ke6 59. Bc4+
Kd6 60. Rxh4 Kc5 61. Rh7 Be5 62. Rd7 Kb4 63. Rd5 Bf4 64. Rb5+ Kc3 65. Rxb6 Be3
66. Re6 Kd4 67. a5 Rf2+ 68. Ke1 Ra2 69. a6 Bd2+ 70. Kf1 Bf4 71. Re8 Be3 72. Rd8+
Ke4 73. b4 Ra4 74. Bd5+ Ke5 75. b5 Bb6 76. Rd7 Rd4 77. Rb7 Bc5 78. Bc6 Rd2 79.
a7 Ra2 80. b6 Bxb6 81. Rxb6 Rxa7 82. Bf3 Kd4 83. Kf2 Ra2+ 84. Kg3 Ra7 85. Rd6+
Ke5 86. Rd5+ Ke6 87. Rb5 Ra4 88. Kf2 Kd6 89. Ke3 Rc4 90. Be4 Rc5 91. Rb8 Ra5 92.
Rd8+ Ke7 93. Rh8 Ra6 94. Rh7+ Kf8 95. Kf4 Rf6+ 96. Ke5 Rf7 97. Rh8+ Ke7 98. Ra8
Rg7 99. Bf5 Rf7 100. Bg6 Rg7 101. Ra6 Kd8 102. Bf5 Ke7 103. Bg6 Kd8 104. Rc6 Rc7
105. Rd6+ Rd7 106. Ra6 Re7+ 107. Kf6 Re1 108. Bf5 Kc7 109. Ra3 Kd6 110. Rd3+ Kc5
111. Be6 Re4 112. Kf5 Rd4 113. Rc3+ Kd6 114. Ra3 Rb4 115. Ra6+ Kc7 116. Ke5 Rb6
117. Ra5 Kc6 118. Bd5+ Kc7 119. Ra7+ Kb8 120. Rh7 Kc8 121. Kd4 Rf6 122. Kc5 Kd8
123. Bc6 Rg6 124. Rd7+ Kc8 125. Kb6 Rg1 126. Re7 Rb1+ 127. Bb5 Rd1 128. Ra7 Rd6+
129. Bc6 Kd8 130. Kc5 1-0

[Event "Titled Tue 17th Jun Early"]
[Site "chess.com INT"]
[Date "2025.06.17"]
[Round "6"]
[White "Lazavik, Denis"]
[Black "Rosh, Jain"]
[Result "1-0"]
[WhiteTitle "GM"]
[BlackTitle "FM"]
[WhiteElo "2580"]
[BlackElo "2299"]
[WhiteFideId "13515110"]
[BlackFideId "25789465"]
[EventDate "2025.06.17"]

1. e4 c5 2. Nf3 d6 3. d4 cxd4 4. Nxd4 Nf6 5. Nc3 a6 6. h3 e5 7. Nf3 h5 8. Bc4
Be6 9. Bxe6 fxe6 10. Ng5 Qd7 11. O-O Nc6 12. f4 exf4 13. Bxf4 O-O-O 14. Qe2 d5
15. Na4 1-0